000 00892nam a2200253Ia 4500
003 OSt
005 20220923220031.0
006 a|||||r|||| 00| 0
007 ta
008 220922b |||||||| |||| 00| 0 hin d
024 _a183,715
037 _cTextual
040 _aARTS
_cARTS
_bhin
041 _2hin
_ahin
082 _aO152,1N2:g, N1
100 _aदीक्षित, सूर्य प्रसाद
_9157573
245 0 _aछायावाद की सही परख-पहचान
246 _aChhāyāvād kī sahī parakha-pahachāna
260 _aकानपुर
_b साहित्य रत्नाकर
_c1991
300 _a132 पृ.
_ccm.
650 _aहिन्दी साहित्य
_9156264
942 _hO152,1N2:g, N1
_cTEXL
_2CC
999 _c337035
_d337035